Handwriting analysis : the science of determining personality by graphoanalysis /

Bibliographic Details
Main Author: Bunker, M. N. (Milton Newman), 1892-
Format: Book
Language:English
Published: Chicago : Nelson-Hall Co., 1979
Edition:New ed.
Subjects:

MARC

Tag First Indicator Second Indicator Subfields
LEADER 00000cam a2200000 i 4500
001 in00000581321
005 20151014071436.0
008 800208c19791972ilua 00110 eng d
035 |a (OCoLC)05966188 
035 |9 ACP1071AM 
040 |a MPI  |c MPI  |d TXA  |d UtOrBLW 
049 |a TXAM  |c [A09028955] 
090 |a BF891  |b .B833 1979 
100 1 |a Bunker, M. N.  |q (Milton Newman),  |d 1892- 
245 1 0 |a Handwriting analysis :  |b the science of determining personality by graphoanalysis /  |c by M.N. Bunker. 
250 |a New ed. 
264 1 |a Chicago :  |b Nelson-Hall Co.,  |c 1979 
264 4 |c ©1972 
300 |a 256 pages :  |b illustrations ;  |c 23 cm. 
336 |a text  |b txt  |2 rdacontent 
337 |a unmediated  |b n  |2 rdamedia 
338 |a volume  |b nc  |2 rdacarrier 
500 |a Includes index. 
650 0 |a Graphology. 
999 |a MARS 
999 f f |s 1a924e8c-f6ce-399d-af16-715798f2dd45  |i 686e5f1b-b53f-305b-8092-6f75ef7197c2  |t 0 
952 f f |p ric  |a Texas A&M University  |b Rellis Campus  |c Joint Library Facility  |d Remote Storage  |t 0  |e BF891 .B833 1979  |h Library of Congress classification  |i unmediated -- volume  |m A14821446674 
998 f f |a BF891 .B833 1979  |t 0  |l Remote Storage